header

Secularization and its discontents (Record no. 242980)

MARC details
000 -LEADER
fixed length control field 01430nam a2200325 a 4500
082 04 - DEWEY DECIMAL CLASSIFICATION NUMBER
Classification number 306.609182/109051
100 1# - MAIN ENTRY--AUTHOR NAME
Personal name Warner, Rob.
245 10 - TITLE STATEMENT
Title Secularization and its discontents
260 ## - PUBLICATION, DISTRIBUTION, ETC. (IMPRINT)
Place of publication New York :
Name of publisher Continuum,
Year of publication 2010.
300 ## - PHYSICAL DESCRIPTION
Number of Pages 221 p. :
Other physical details ill.
505 0# - FORMATTED CONTENTS NOTE
Formatted contents note Classical secularization theory -- Modified secularization theory -- American rejections of secularization theory -- Is there a spiritual revolution? -- The durability of conservative religion : American and British perspectives -- Resilient religion? : emerging transatlantic and global trends.
650 #0 - SUBJECT ADDED ENTRY--TOPICAL TERM
Topical Term Religion and sociology.
Topical Term Secularization.
856 40 - ELECTRONIC LOCATION AND ACCESS
Uniform Resource Identifier http://site.ebrary.com/lib/rucke/Doc?id=10438531

No items available.

© 2026 Rongo University
Contact us: librarian | system librarian | Rongo university